LEADER 00693nam0-22002771i-450- 001 990001650500403321 005 20050422104140.0 035 $a000165050 035 $aFED01000165050 035 $a(Aleph)000165050FED01 035 $a000165050 100 $a20030910d1954----km-y0itay50------ba 101 0 $aita 200 1 $aArchivio agricolo 1955$fSAIT 210 $aMilano$cSAIT$d1954 215 $a1 v.$d29 cm 610 0 $aCataloghi 676 $a017 710 02$aSAIT$0353775 801 0$aIT$bUNINA$gRICA$2UNIMARC 901 $aBK 912 $a990001650500403321 952 $a60 025.34 B 3$b38372$fFAGBC 959 $aFAGBC 996 $aArchivio agricolo 1955$9372527 997 $aUNINA LEADER 01171nam--2200397---450- 001 990002867810203316 005 20070212161153.0 010 $a0-19-856194-6 035 $a000286781 035 $aUSA01000286781 035 $a(ALEPH)000286781USA01 035 $a000286781 100 $a20070212d1988----km-y0itay50------ba 101 $aeng 102 $aGB 105 $a||||||||001yy 200 1 $aNon-linear oscillations$fPeter Hagedorn$gtranslated and edited by Wolfram Stadler 205 $a2. ed. 210 $aOxford$cClarendon press$d1988 215 $aXII, 311 p.$d24 cm. 225 2 $aOxford engineering science series$v10 410 0$12001$aOxford engineering science series$v10 454 1$12001$aNichlineare Schwingungen$914300 461 1$1001-------$12001 606 0 $aEquazioni differenziali non lineari 676 $a531.322 700 1$aHAGEDORN,$bPeter$030853 702 1$aSTADLER,$bWolfram 801 0$aIT$bsalbc$gISBD 912 $a990002867810203316 951 $aCM/58$b855$cCM 959 $aBK 969 $aDIMEC 979 $aDIMEC$b90$c20070212$lUSA01$h1611 996 $aNichlineare Schwingungen$914300 997 $aUNISA